000 00704nam a22002537a 4500
001 BR9206359
003 BR-BrBNA
005 20230928093653.0
007 ta
008 230509b bl.||||| |||| 00| 0 por d
040 _aBR-BrBNA
_bpor
_cBiblioteca Nacional de Agricultura
041 _a(Por)
072 _aE80
_b0336
090 _ 0336 BR9206359
110 1 _aCentro de Tecnologia Agricola e Alimentar, Rio de Janeiro, RJ (Brasil)
_91664
245 1 _aSoja; novas alternativas em culinaria
260 3 _aRio de Janeiro, RJ (Brasil):
_c[nd].
300 _a21 p.
650 _aSOJA
650 _aCULINARIA
650 _aINDUSTRIA CASEIRA
909 _a202309
_bLucia
_c55
_dLucia Elande
942 _cBK
999 _c46379
_d46379